000 02522cam a2200577 i 4500
001 xx004887071
003 NUKAT
005 20260430110537.0
008 200617s2020 pl g |001 0 pol c
020 _a9788380988859
_q(oprawa twarda)
035 _a(OCoLC)1164140154
035 _a(NUKAT)xx004887071
040 _aKAT U/MB
_bpol
_erda
_cKAT U/MBs
_dKAT U/DB
_dPOZN U/EMs
_dWR O/KP
_dWA 14/PTs
_dOLSZT 008/bak
045 2 _bd1956
_bd1975
046 _k2020
100 1 _aRuzikowski, Tadeusz
_d(1975- ).
_eAutor
_940990
245 1 0 _aW służbie bezpieczeństwa stolicy :
_bSłużba Bezpieczeństwa Komendy MO m. st. Warszawy i Komendy Stołecznej MO w latach 1956-1975 /
_cTadeusz Ruzikowski.
260 _aWarszawa :
_bInstytut Pamięci Narodowej Komisja Ścigania Zbrodni przeciwko Narodowi Polskiemu Oddział w Warszawie,
_c2020.
300 _a476, [1] strona ;
_c25 cm.
336 _aTekst
_btxt
_2rdacontent
337 _aBez urządzenia pośredniczącego
_bn
_2rdamedia
338 _aWolumin
_bnc
_2rdacarrier
380 _aKsiążki
380 _aPublikacje naukowe
385 _aHistorycy
385 _aPolitolodzy
388 1 _a2001-
490 1 _aWarszawa Nie?Pokonana ;
_vT. 20
504 _aBibliografia na stronach 465-469. Indeks.
610 1 7 _aPolska.
_bSłużba Bezpieczeństwa
_xhistoria
_vźródła.
_2kaba
_912651
610 1 7 _aPolska.
_bMilicja Obywatelska
_y1945-1990
_vźródła.
_2kaba
_940986
610 1 7 _aPolska.
_bSłużba Bezpieczeństwa
_y1945-1990.
_2kaba
_914968
610 1 7 _aPolska.
_bMilicja Obywatelska
_y1945-1990.
_2kaba
_940987
610 2 7 _aKomenda Wojewódzka Milicji Obywatelskiej (Warszawa)
_2DBN
_940988
610 2 7 _aSłużba Bezpieczeństwa (SB ; Polska)
_2DBN
_939640
648 7 _a1901-2000
_2DBN
_934996
648 7 _a1945-1989
_2DBN
_936043
650 7 _aRepresje polityczne
_zPolska
_zWarszawa
_y1945-1990.
_2kaba
_940989
650 7 _aSłużba bezpieczeństwa
_2DBN
_936912
650 7 _aPRL
_2DBN
_935084
651 7 _aWarszawa (Polska)
_y1945-1990
_vźródła.
_2kaba
_940991
651 7 _aWarszawa (woj. mazowieckie)
_2DBN
_937253
655 7 _aMonografia
_2DBN
_935240
658 _aHistoria
658 _aPolityka, politologia, administracja publiczna
658 _aBezpieczeństwo i wojskowość
710 2 _aInstytut Pamięci Narodowej - Komisja Ścigania Zbrodni przeciwko Narodowi Polskiemu.
_bOddział (Warszawa).
_eWydawca
_4pbl
_913138
830 0 _aWarszawa Nie?Pokonana
_vT. 20
_914501
920 _a978-83-8098-885-9 (oprawa twarda)
942 _2ddc
_cBK_NM
999 _c27894
_d27894